000 00787nam a22002777a 4500
001 7125
003 FISKH
005 20250624151224.0
008 250624b cb ||||| |||| 00| 0 eng d
020 _a9780328018123
040 _aFISKH
_beng
_cFISKH
_dFISKH
050 _aPE1119
082 _a372.4
100 _aAfflerbach, Peter
245 _aReading favorite things old and new /
_cBy Peter Afflerbach
260 _aNew York :
_bScott Foresman ,
_c2002.
300 _a208 pages :
_bcolor illustrations ;
_c29 cm .
490 _aScott Foresman Reading
505 _aH
521 8 _a450
_bLexile estimate
521 8 _aH
_bRaz-Plus
650 _aActivity book
_vNon-fiction
700 _aBeers, Peter
_eIllustrator
942 _2ddc
_cBK
_n0
999 _c7125
_d7125